Spomienka na vzácneho kolegu Ing. Jána Cábela

Bibliographic Details
Main Author: Holčík, Vladimír (Author)
Format: Article
Language:Slovak
ISSN:0322-886X
Subjects:

MARC

LEADER 00000nab a2200000 a 4500
001 vtls009493686
003 SK-MaSNL
005 20260303162106.0
008 090420c20090304xo r p 000 00slo
015 |a SNBRB2009/4SVKPO 
038 |a SVKPOCL 
040 |a SVKPOCL  |b slo  |c SVKPO  |e AACR2 
041 0 |a slo 
044 |a xo  |c SK 
080 |a 627.15-051  |2 2001 
080 |a 929 Cábel, Ján  |2 2001 
100 1 |a Holčík, Vladimír  |4 aut  |9 465075 
245 1 0 |a Spomienka na vzácneho kolegu Ing. Jána Cábela  |c Vladimír Holčík 
600 1 7 |a Cábel, Ján,  |d 1930-2009  |2 SNK  |9 1185294 
650 0 7 |a vodohospodári  |2 SNKPH  |9 31323 
650 0 7 |a osobnosti  |2 SNKPH  |9 29820 
655 7 |a nekrológy  |2 SNK  |9 402542 
773 0 |t Vodohospodársky spravodajca  |g Roč. 52, č. 3-4 (2009), s. 36  |x 0322-886X 
852 |a SVKPO  |b KIS3GCP 
958 |a NB 
958 |a SK 
999 |c 2052185  |d 2054115